Fall Out Boy - Love From The Other Side (Lyrics) - Statistics

General Stats
  • This quiz has been taken 60 times
  • The average score is 328 of 420
Answer Stats
Answer % Correct
I
98%
a
96%
from
96%
love
96%
Love
96%
the
96%
The
96%
in
93%
in..."
93%
of
93%
other
93%
side
93%
go,
91%
go
91%
my
91%
What
91%
what
91%
You
91%
you
91%
and
89%
And
89%
for?
89%
for
89%
got
89%
just
89%
to
89%
don't
87%
don't
87%
Every
87%
I'm
87%
it
87%
it,
87%
apocalypse
84%
life
84%
little
84%
Sending
84%
We
84%
we
84%
no
82%
back
80%
dagger
80%
hand
80%
not
80%
pain
80%
were
80%
We're
80%
about
78%
David
78%
look
78%
me
78%
me,
78%
Statue
78%
would
78%
be
76%
lover's
76%
lover's
76%
snapped,
76%
sunshine
76%
sure
76%
their
76%
trade
76%
want
76%
lifetime
73%
never
73%
hammer
71%
house
71%
up
71%
could
69%
dream
69%
feel
69%
feeling,
69%
feeling
69%
Get
69%
get
69%
give
69%
"Give
69%
Give
69%
know
69%
Like
69%
like
69%
out
67%
invited,
64%
Model
64%
dying
62%
fight
62%
frame,
62%
here
62%
kills
62%
modern
62%
meltdown
60%
on
60%
suit
60%
father's
58%
painting
58%
still
58%
city
56%
his
56%
kid
56%
loose
56%
playing
56%
pretend
56%
This
56%
this
56%
always
53%
hangs
51%
head
51%
bit
49%
but
49%
But
49%
does
49%
Heaven
49%
hurricane
49%
lonely
49%
saw
49%
end,
47%
end
47%
falling
47%
before
44%
field,
44%
heat
44%
race
44%
rat
44%
that
44%
bright
42%
good
42%
letdown,
42%
off
42%
us
42%
again
40%
clear
40%
fingers
40%
getting
40%
hamster
40%
I'd
40%
kind
40%
Nowhere
40%
our
40%
through
40%
wheel
40%
left
38%
tilted
38%
way
38%
ahead,
36%
matter
36%
takes
36%
there's
36%
by
33%
Generation
33%
gotta
33%
sleep,
31%
stone
31%
Inscribed
29%
rain:
29%
faded
27%
Summer
27%
taught
4%
No matching quizzes found
Score Distribution
Percent of People with Each Score
Percentile by Number Answered
Your Score History
You have not taken this quiz